000 00512nam a2200193Ia 4500
003 GCL
005 20240530095821.0
008 140319s9999 xx 000 0 eng d
040 _aGCL /
_cGCL
082 0 4 _a759
_bC P
100 1 _aCOULD, CECIL HILTON MARK
245 1 0 _aPARMIGIANINO /
_cCOULD, CECIL HILTON MARK
260 _a[S.N] :
_bABBEVILLE PRESS PUBLISHERS
300 _a216
650 0 4 _aCRITICISM AND INTER PRETATION
650 0 4 _aPARMIGIANION 1503 - 1540
650 0 4 _aMANNER
942 _2ddc
_cBK
999 _c10990
_d10990